| 000 | 01263cam a2200337 a 4500 | ||
|---|---|---|---|
| 999 |
_c531498 _d531498 |
||
| 001 | 4935522 | ||
| 003 | NUST | ||
| 005 | 20191017163303.0 | ||
| 008 | 950731s1995 enk b 001 0 eng d | ||
| 010 | _a 95186742 | ||
| 020 | _a0750621249 | ||
| 035 | _a(OCoLC)32896179 | ||
| 038 | _aATTA | ||
| 040 |
_aUkBaU _cUkBaU _dDLC |
||
| 042 | _alccopycat | ||
| 050 | 0 | 0 |
_aHD62.15 _b.O173 1995 |
| 082 | 0 | 0 |
_a658.5 OAK _221 |
| 100 | 1 |
_aOakland, John S. _9867 |
|
| 245 | 1 | 0 |
_aTotal quality management : _btext with cases / _cJohn S. Oakland ; case study co-author Leslie J. Porter. |
| 260 |
_aOxford ; _aBoston : _bButterworth-Heinemann, _c1995. |
||
| 300 |
_axii, 370 p. : _bill. ; _c24 cm. |
||
| 440 | 0 |
_aB H contemporary business series. _924273 |
|
| 504 | _aIncludes bibliographical references (p. [357]-363) and index. | ||
| 650 | 0 |
_aTotal quality management. _9872 |
|
| 650 | 0 |
_aTotal quality management _xCase studies. _924274 |
|
| 700 | 1 |
_aPorter, Leslie J. _924275 |
|
| 856 | 4 | 2 |
_3Publisher description _uhttp://www.loc.gov/catdir/enhancements/fy1117/95186742-d.html |
| 906 |
_a7 _bcbc _ccopycat _d3 _encip _f19 _gy-gencatlg |
||
| 942 |
_2ddc _cBK |
||